000 00901nam a22001815i 4500
001 159367
003 ES-MaACL
005 20250604062547.0
008 990913s1838 sp |||| | spa d
040 _aCCPB | B
_bspa
_cCCPB | B
245 0 0 _aMemorias contemporáneas o sea colección histórica de sucesos de nuestros días, principalmente los relativos á las grandes escenas politicas de que España es teatro de 30 años á esta parte...
_b: obra periódica (sin ser periódico) /
_cpublicada por un Retirado.
260 _aMadrid :
_b[s.n.],
_c1838 (
_fImprenta de L. Boix)
300 _a1 v. ;
_c17 cm.
597 _aV. I. (70 p.)
651 7 _aEspaña-
_xHistoria-
_yS.XIX
_2
_9142005
852 _aES-MaACL
_jD-3816
_z-- Enc. hol.
_z-- Legado M. de la Fuente
_z-- Sello de la Sociedad de Escritores Protectora de las Letras
_x-- Edic.: 70, [2] en bl., [71]-539 p.
999 _c159367
_d159367